000
00245nam a2200097Ia 4500
008
220204s9999 xx 000 0 und d
082
_a
0582005
_b
MAN
245
0
_a
Manorama yearbook 2005
260
_a
Kottayam
_b
Malayala Manorama
_c
2005
942
_c
BK
999
_c
42425
_d
42425